000
00295nam a2200109Ia 4500
008
200302s9999 xx 000 0 und d
100
_a
Author
245
_a
Architectural Monographs No 32 James Stirling + Michael Wilford
260
_b
Acdemy Editions Group LTd.
260
_c
1993
300
_a
144 P.,
999
_c
869
_d
869